Yukon Territory Quiz - Statistics

General Stats
  • This quiz has been taken 574 times
  • The average score is 9 of 20
Answer Stats
Hint Answer % Correct
Capital of Yukon Whitehorse
85%
Geographical "circle" that runs through Yukon {Arctic} Circle
82%
Bordering province British Columbia
81%
Longest river Yukon
77%
Yukon split from this territory in 1898 Northwest Territories
74%
1890s gold rush Klondike
65%
The original European settlers were traders looking for this Fur
61%
Center of the above {Dawson} City
49%
Tallest mountain in Canada Mount Logan
49%
Yukon's historical major industry Mining
47%
What are Watson Lake, Faro and Haines Junction? Cities
37%
Bordering sea Beaufort Sea
26%
Range shared by that territory Mackenzie
25%
Dog breed on the coat of arms Alaskan Malamute
24%
What are Kutchin, Hän, Kaska and Tagish? Indigenous Peoples
20%
What is Herschel? an Island
19%
Territorial flower {Fire}weed
19%
National park where the above is located Kluane
19%
Famous sled-dog race Quest
14%
Mountain range of that mountain Saint Elias
14%
No matching quizzes found
Score Distribution
Percent of People with Each Score
Percentile by Number Answered
Your Score History
You have not taken this quiz